71 Dash to Dhaka/ (Record no. 173624)

MARC details
000 -LEADER
fixed length control field 00605nam a22001937a 4500
005 - DATE AND TIME OF LATEST TRANSACTION
control field 20200303172027.0
010 ## - LCCN (DPL NO)
LC control number ENG-127961
020 ## - INTERNATIONAL STANDARD BOOK NUMBER
International Standard Book Number 9789389137323
Terms of availability 620.00
035 ## - SYSTEM CONTROL NUMBER
System control number EN-111493
037 ## - SOURCE OF ACQUISITION
Source of stock number/acquisition DBAD/PUB
082 ## - DEWEY DECIMAL CLASSIFICATION NUMBER
Classification number 954.65051
100 ## - MAIN ENTRY--PERSONAL NAME
Personal name Maj Gen
245 ## - TITLE STATEMENT
Title 71 Dash to Dhaka/
Statement of responsibility, etc by Maj Gen [and] GD Bakshi
260 ## - PUBLICATION, DISTRIBUTION, ETC. (IMPRINT)
Place of publication, distribution, etc New Delhi
Name of publisher, distributor, etc Knowledge Work
Date of publication, distribution, etc 2020
270 ## - ADDRESS
Address 4676/21, First floor, Ansari Road,Daryaganj
City New Delhi
Postal code 110002
Electronic mail address kw@kwpub.com
300 ## - PHYSICAL DESCRIPTION
Extent ix;191p.
Dimensions 24cm(pbk)
500 ## - GENERAL NOTE
General note include bibliographical reference
942 ## - ADDED ENTRY ELEMENTS (KOHA)
Source of classification or shelving scheme Dewey Decimal Classification
Item type English Books
Classification part 954.65051
Call number suffix MAJ
Holdings
Withdrawn status Lost status Not for loan Collection code Home library Current library Date acquired Source of acquisition Cost, normal purchase price Full call number Barcode Copy number Cost, replacement price Koha item type
      Non-fiction Bawana Bawana 03/03/2020 DBAD/PUB 620.00 954.65051 MAJ EN-111493 1 620.00 English Books

© Delhi Public Library
Hit Counter
free hit counter